| 000 | 00416nam a2200121Ia 4500 | ||
|---|---|---|---|
| 008 | 220620s9999||||xx |||||||||||||| ||und|| | ||
| 245 | 0 |
_aSmart Manufacturing _bWhen Artificial Intelligence Meets the Internet of Things |
|
| 546 | _aEnglish[eng] | ||
| 650 | _aManufacturing industries | ||
| 700 | _aYen Kheng, Tan | ||
| 856 | _uhttps://mts.intechopen.com/storage/books/10150/authors_book/authors_book.pdf | ||
| 942 | _cEB | ||
| 999 |
_c35136 _d35136 |
||